000 00703nam a2200229 a 4500
001 BRCA_8027
005 20190320210112.0
008 210314s1968----nyua###f##---#000-0#eng-#
041 _aeng
044 _anyu
050 4 _aN7124
_b.S55
_c1968
100 1 _aSmith, Robert C.
_919764
245 1 0 _aThe art of Portugal
_cRobert C. Smith.
260 _aLondon
_bWeidenfeld & Nicolson
_c1968
300 _a320 p.
_bil. (algunas a color), 280 láminas
_c28 cm.
500 _a3171
500 _aEjemplar igual al 3143 (31-043), cambia el lugar de publicación (New York) y la editorial (Meredith)
650 1 4 _aArte
_zPortugal
_919947
650 1 4 _aArte
_vHistoria
_919757
902 _aGFM
942 _2lcc
_cB
999 _c7696
_d7696